LEADER 02045oam 2200517M 450 001 9910715993703321 005 20191123061942.1 035 $a(CKB)5470000002516154 035 $a(OCoLC)1063973869 035 $a(OCoLC)995470000002516154 035 $a(EXLCZ)995470000002516154 100 $a20070221d1864 ua 0 101 0 $aeng 135 $aurcn||||||||| 181 $ctxt$2rdacontent 182 $cc$2rdamedia 183 $acr$2rdacarrier 200 10$aAmendment to organic act of Nevada. Memorial of the Legislature of Nevada Territory, asking for an amendment of their organic act. April 16, 1864. -- Referred to the Committee on the Territories and ordered to be printed 210 1$a[Washington, D.C.] :$c[U.S. Government Printing Office],$d1864. 215 $a1 online resource (2 pages) 225 1 $aMis. doc. / 38th Congress, 1st session. House ;$vno. 74 225 1 $a[United States congressional serial set] ;$v[serial no. 1200] 300 $aBatch processed record: Metadata reviewed, not verified. Some fields updated by batch processes. 300 $aFDLP item number not assigned. 606 $aCourts 606 $aJudicial districts 606 $aJudicial process 606 $aLegislative amendments 606 $aResolutions, Legislative 606 $aCourts$xOfficials and employees 608 $aLegislative materials.$2lcgft 615 0$aCourts. 615 0$aJudicial districts. 615 0$aJudicial process. 615 0$aLegislative amendments. 615 0$aResolutions, Legislative. 615 0$aCourts$xOfficials and employees. 712 02$aNevada Territory (1861-1864) 801 0$bWYU 801 1$bWYU 801 2$bOCLCO 801 2$bOCLCQ 906 $aBOOK 912 $a9910715993703321 996 $aAmendment to organic act of Nevada. Memorial of the Legislature of Nevada Territory, asking for an amendment of their organic act. April 16, 1864. -- Referred to the Committee on the Territories and ordered to be printed$93314539 997 $aUNINA LEADER 01381nam 2200397Ia 450 001 996385674903316 005 20240530120739.0 035 $a(CKB)1000000000610581 035 $a(EEBO)2240906889 035 $a(OCoLC)9919915600971 035 $a(EXLCZ)991000000000610581 100 $a19890815d1638 uy | 101 0 $aeng 135 $aurbn#|||a|bb| 181 $ctxt$2rdacontent 182 $cc$2rdamedia 183 $acr$2rdacarrier 200 14$aThe ansvveres of some brethren of the ministerie $eto the replyes of the ministers and professours of divinitie in Aberdeene, concerning the late convenant 210 $a[Edinburgh?] printed$c[J. Wreittoun?]$d1638 215 $a[44] p 300 $aSigned at end: Master Alexander Hamilton, Master David Dickson. 300 $aImprint suggested by STC (2nd ed.). 300 $aSignatures: [pi]² *⁴ [A]²(-A1) B-I². 300 $aReproduction of original in the Harvard University Library. 330 $aeebo-0062 606 $aCovenanters 615 0$aCovenanters. 700 $aHenderson$b Alexander$f1583?-1646.$01003757 701 $aDickson$b David$f1583?-1663.$01001956 702 $aWreittoun$b John$f-1640, 801 1$bEBK 801 2$bWaOLN 906 $aBOOK 912 $a996385674903316 996 $aThe ansvveres of some brethren of the ministerie$92371208 997 $aUNISA